| 000 | 01377nam a22003374a 4500 | ||
|---|---|---|---|
| 001 | ebr10186841 | ||
| 003 | CaPaEBR | ||
| 006 | m u | ||
| 007 | cr cn||||||||| | ||
| 008 | 070419s2007 ne a sb 100 0 eng | ||
| 010 | _z 2007927199 | ||
| 020 | _z9781586037512 | ||
| 040 |
_aCaPaEBR _cCaPaEBR |
||
| 035 | _a(OCoLC)228173773 | ||
| 050 | 1 | 4 |
_aR858.A2 _bM377 2007eb |
| 245 | 0 | 0 |
_aMedical and care compunetics 4 _h[electronic resource] / _cedited by Lodewijk Bos and Bernd Blobel. |
| 260 |
_aAmsterdam ; _aWashington, DC : _bIOS Press, _cc2007. |
||
| 300 |
_axiii, 317 p. : _bill. |
||
| 490 | 1 |
_aStudies in health technology and informatics ; _vv. 127 |
|
| 504 | _aIncludes bibliographical references. | ||
| 533 |
_aElectronic reproduction. _bPalo Alto, Calif. : _cebrary, _d2013. _nAvailable via World Wide Web. _nAccess may be limited to ebrary affiliated libraries. |
||
| 650 | 0 |
_aMedical informatics _vCongresses. |
|
| 650 | 0 |
_aTelecommunication in medicine _vCongresses. |
|
| 650 | 0 |
_aMedical telematics _vCongresses. |
|
| 655 | 7 |
_aElectronic books. _2local |
|
| 700 | 1 | _aBos, Lodewijk. | |
| 700 | 1 | _aBlobel, Bernd. | |
| 710 | 2 | _aebrary, Inc. | |
| 830 | 0 |
_aStudies in health technology and informatics ; _vv. 127. |
|
| 856 | 4 | 0 |
_uhttp://site.ebrary.com/lib/rucke/Doc?id=10186841 _zAn electronic book accessible through the World Wide Web; click to view |
| 999 |
_c147487 _d147487 |
||